|
|
|
|
| LEADER |
00000cam a22000004a 4500 |
| 001 |
musev2_71187 |
| 003 |
MdBmJHUP |
| 005 |
20230905051332.0 |
| 006 |
m o d |
| 007 |
cr||||||||nn|n |
| 008 |
131101s2014 pau o 00 0 eng d |
| 010 |
|
|
|z 2013025982
|
| 020 |
|
|
|a 9781439910832
|
| 020 |
|
|
|z 9781439910818
|
| 020 |
|
|
|z 9781439910825
|
| 035 |
|
|
|a (OCoLC)870589210
|
| 040 |
|
|
|a MdBmJHUP
|c MdBmJHUP
|
| 100 |
1 |
|
|a Yost, Deborah S.
|
| 245 |
1 |
0 |
|a Empowering Young Writers :
|b The "Writers Matter" Approach /
|c Deborah S. Yost, Robert Vogel, Kimberly E. Lewinski.
|
| 264 |
|
1 |
|a Philadelphia :
|b Temple University Press,
|c 2014.
|
| 264 |
|
3 |
|a Baltimore, Md. :
|b Project MUSE,
|c 2021
|
| 264 |
|
4 |
|c ©2014.
|
| 300 |
|
|
|a 1 online resource (184 pages):
|b illustrations ;
|
| 336 |
|
|
|a text
|b txt
|2 rdacontent
|
| 337 |
|
|
|a computer
|b c
|2 rdamedia
|
| 338 |
|
|
|a online resource
|b cr
|2 rdacarrier
|
| 505 |
0 |
|
|a Empowering young writers through the writers matter approach -- Posing intriguing themes to stimulate adolescents' writing -- Inspiring students to write about their lives / with Erin Bloom and Dianna Newton -- Building relationships and community in the classroom -- Building writing self-efficacy through writers' workshops -- Implementing the writers' workshop / with Steve Clark -- Teaching revision with honesty / with Dianna Newton -- Using poetry and mentor texts to stimulate personal writing reflections with Erin Bloom -- Integrating literature and writing / with Dianna Newton -- Making deeper connections through integrated learning -- Integrating history, reading, and writing / with Francesca Cantarini -- Making community and world connections through writing -- Appendixes: A. Students' writing relating to the five writers matter themes -- B. Web resource for teachers.
|
| 588 |
|
|
|a Description based on print version record.
|
| 650 |
|
7 |
|a Skrivprocessen 2 sao.
|
| 650 |
|
7 |
|a Författarskap.
|2 sao
|
| 650 |
|
7 |
|a Självbiografier.
|2 sao
|
| 650 |
|
7 |
|a Engelskundervisning.
|2 sao
|
| 650 |
|
7 |
|a English language
|x Composition and exercises
|x Study and teaching.
|2 fast
|0 (OCoLC)fst00911025
|
| 650 |
|
7 |
|a Autobiography
|x Authorship.
|2 fast
|0 (OCoLC)fst00822600
|
| 650 |
|
7 |
|a EDUCATION
|x Teaching Methods & Materials
|x Reading & Phonics.
|2 bisacsh
|
| 650 |
|
7 |
|a EDUCATION
|x General.
|2 bisacsh
|
| 650 |
|
7 |
|a EDUCATION
|x Elementary.
|2 bisacsh
|
| 650 |
|
0 |
|a Autobiography
|x Authorship.
|
| 650 |
|
0 |
|a English language
|x Composition and exercises
|x Study and teaching
|z United States.
|
| 651 |
|
7 |
|a Förenta staterna.
|2 sao
|
| 651 |
|
7 |
|a United States.
|2 fast
|0 (OCoLC)fst01204155
|
| 655 |
|
7 |
|a Electronic books.
|2 local
|
| 700 |
1 |
|
|a Lewinski, Kimberly E.
|
| 700 |
1 |
|
|a Vogel, Robert,
|d 1947-
|
| 710 |
2 |
|
|a Project Muse.
|e distributor
|
| 830 |
|
0 |
|a Book collections on Project MUSE.
|
| 856 |
4 |
0 |
|z Texto completo
|u https://projectmuse.uam.elogim.com/book/71187/
|
| 945 |
|
|
|a Project MUSE - Custom Collection
|
| 945 |
|
|
|a Project MUSE - Archive Complete Supplement IX
|
| 945 |
|
|
|a Project MUSE - Archive Language and Linguistics Supplement VIII
|